[Event "Montigny le Bretonneux 1hKO 20th"]
[Site "Montigny le Bretonneux"]
[Date "2016.05.07"]
[Round "5.19"]
[White "Marchal, Mathilde"]
[Black "Sondermeijer, Damien"]
[Result "1-0"]
[WhiteElo "1190"]
[BlackElo "1009"]
[PlyCount "27"]
[EventDate "2016.05.05"]
[EventType "swiss"]
[EventRounds "7"]
[EventCountry "FRA"]
[SourceTitle "EXT 2024"]
[Source "ChessBase"]
[SourceDate "2023.10.10"]
[SourceVersion "1"]
[SourceVersionDate "2023.10.10"]
[SourceQuality "1"]

1. e4 e5 2. Nf3 Nc6 3. Bb5 Nf6 4. 0-0 Bc5 5. c3 a6 6. Ba4 0-0 7. d4 Nxe4 8. Re1 b5 9. Bc2 d5 10. Bxe4 exd4 11. Bc2 dxc3 12. Nxc3 d4 13. Qd3 dxc3 14. Qxh7# 1-0